000 00558nam a22001817a 4500
005 20251108164329.0
008 250721s1994 xx 000 0 ara d
082 1 4 _a390.009564/حسن
100 1 _aعوض، حسن محمد
245 1 0 _aفي السافرية /
264 1 _aعمان :
_bوزارة الثقافة،
_c1994.
300 _a- ج
490 0 _aمن تراثنا الشعبي في السهل الساحلي الفلسطيني
650 1 7 _aالعادات و التقاليد
650 1 7 _aفلسطين
942 _2ddc
_cBK
999 _c9499
_d9499